000 01058nam a22002895a 4500
005 20090715154845.0
008 090128s2009 ii b 000 0 eng d
010 _aENG-94422
020 _a978019560321
_c225.00
020 _a019560327
_c225.00
035 _aEN-77955
037 _aDBAD / PUB
040 _adpl
_bEnglish
082 _a270.92
100 _aTurner, Colin
245 _aSaid Nursi /
_cby Colin Turner [and] Hasan Horkuc
260 _aNew Delhi
_bOxford University Press
_c2009
270 _aYMCA Library Building, Jai Singh Road,
_bNew Delhi
_e110001
300 _avi, 140 p. ;
_c22cm(pbk)
500 _aIncludes bibliographical references and index
600 _aNursi, Said, 1873-1960
650 _aScholars, Muslim
_zTurkey
_vBiography
700 _aHorkuc, Hasan
710 _aNehru Centre.
942 _2ddc
_cEN
_mTUR
_h270.92
999 _c28297
_d28297